El lenguaje de Buenos Aires
Gorde:
| Egile Nagusiak: | , |
|---|---|
| Formatua: | Liburua |
| Hizkuntza: | gaztelania |
| Argitaratua: |
Buenos Aires
Emecé
1963
|
| Gaiak: | |
| Etiketak: |
Etiketa erantsi
Etiketarik gabe, Izan zaitez lehena erregistro honi etiketa jartzen!
|
MARC
| LEADER | 00000nam a2200000 a 4500 | ||
|---|---|---|---|
| 001 | UCQ5382 | ||
| 003 | CL-VaPUC | ||
| 008 | 980925e19630000AG |||||||||||||||||spa|d | ||
| 082 | 0 | 4 | |a Ar864 |b BOR |2 21 |
| 100 | |a Borges, Jorge Luis |e autor |9 322093 | ||
| 700 | 0 | |a Clemente, José Edmundo |e author |9 419515 | |
| 245 | 1 | 3 | |a El lenguaje de Buenos Aires |
| 300 | |a 102 p | ||
| 942 | |c BK | ||
| 945 | |d 19980925 00:00:00 |a crobeson | ||
| 260 | |a Buenos Aires |b Emecé |c 1963 | ||
| 650 | 0 | |a Ensayos argentinos |9 269128 | |
| 650 | 0 | |a Literatura argentina |9 320596 | |
| 583 | |a last modification |c 19980925 00:00:00 |k Rodrigo Vera | ||
| 999 | |c 275595 |d 275593 | ||
| 952 | |0 0 |1 0 |4 0 |6 AR_864_000000000000000_BOR_1963 |7 0 |8 A |9 312372 |a BIBEDU |b BIBEDU |d 2019-11-20 |i 1472070 |l 1 |o Ar864 BOR 1963 |p 1472070 |r 2025-03-25 |s 2025-03-18 |w 2019-11-20 |y BK |k LIT | ||
| 952 | |0 0 |1 0 |4 0 |6 AR_864_000000000000000_BOR_1963 |7 0 |8 A |9 312373 |a BIBEDU |b BIBEDU |d 2019-11-20 |i 1474790 |o Ar864 BOR 1963 |p 1474790 |r 2019-11-20 |w 2019-11-20 |y BK |k LIT | ||